LDR 01099naa#a2200181#i#450# 001 RU\\bibl\123422 005 20260705225647.7 011 ## _a1994-4683 100 ## _a20230731b2023####ek#y0rusy0150####ca 102 ## _aRU 200 1# _aПАРАМЕТРЫ ВЫСОКОИНТЕНСИВНОЙ ДВИГАТЕЛЬНОЙ АКТИВНОСТИ ПРОФЕССИОНАЛЬНЫХ ФУТБОЛИСТОВ В МАТЧАХ НА ОСНОВЕ ПОКАЗАТЕЛЕЙ МЕТАБОЛИЧЕСКОЙ МОЩНОСТИ _eЖурнальная статья 210 1# _aМосква _cНациональный государственный Университет физической культуры, спорта и здоровья им. П.Ф. Лесгафта _d2023 215 ## _a5 с. 608 ## _aЖурнальная статья _2local 675 ## _aСпортивная тренировка. Методика. Нагрузка. Спортивные результаты. 796.015 _z 700 #1 _aСуетин _gПавел Сергеевич 700 #1 _aЗахарова _gАнна Валерьевна 856 4# _auchzapiski.lesgaft.spb.ru _u